[Event "Soukhumi op"]
[Site "Soukhumi"]
[Date "2007.08.09"]
[Round "6"]
[White "Kostromin, Mikhail"]
[Black "Polyanichko, Natalia"]
[Result "1-0"]
[WhiteElo "2409"]
[BlackElo "1979"]
[PlyCount "41"]
[EventDate "2007.08.03"]
[EventType "swiss"]
[EventRounds "9"]
[EventCountry "RUS"]
[SourceTitle "EXT 2009"]
[Source "ChessBase"]
[SourceDate "2008.11.26"]
[SourceVersion "1"]
[SourceVersionDate "2008.11.26"]
[SourceQuality "1"]

1. e4 e5 2. Nf3 Nc6 3. Bb5 a6 4. Ba4 Nf6 5. 0-0 Be7 6. Bxc6 bxc6 7. Nxe5 Nxe4 8. Re1 Nc5 9. d4 Ne6 10. c4 0-0 11. d5 cxd5 12. cxd5 Nc5 13. Nc3 Rb8 14. Be3 a5 15. Bd4 f6 16. Nc4 Ba6 17. b3 Bxc4 18. bxc4 Na6 19. Nb5 c6 20. d6 Bxd6 21. Nxd6 1-0

[Event "Soukhumi op"]
[Site "Soukhumi"]
[Date "2007.08.06"]
[Round "4"]
[White "Gajsin, Evgenij"]
[Black "Polyanichko, Natalia"]
[Result "1-0"]
[WhiteElo "2436"]
[BlackElo "1979"]
[PlyCount "73"]
[EventDate "2007.08.03"]
[EventType "swiss"]
[EventRounds "9"]
[EventCountry "RUS"]
[SourceTitle "EXT 2009"]
[Source "ChessBase"]
[SourceDate "2008.11.26"]
[SourceVersion "1"]
[SourceVersionDate "2008.11.26"]
[SourceQuality "1"]

1. e4 e5 2. Nf3 Nc6 3. Bb5 a6 4. Ba4 Nf6 5. 0-0 Be7 6. Re1 b5 7. Bb3 d6 8. c3 0-0 9. h3 Na5 10. Bc2 c5 11. d4 Qc7 12. Nbd2 Re8 13. Nf1 cxd4 14. cxd4 Bb7 15. d5 Nc4 16. Bd3 Rac8 17. b3 Nb6 18. Ng3 Nbd7 19. Bf1 Nc5 20. Bd2 Qd7 21. Nh2 Bd8 22. Qf3 Kh8 23. Rac1 g6 24. Rc2 h5 25. Bg5 Kg7 26. Rec1 Nh7 27. Bxd8 Rexd8 28. Qe3 h4 29. Ne2 Nf6 30. f3 b4 31. a3 a5 32. axb4 axb4 33. Rc4 Qb5 34. f4 Nfd7 35. Ng4 f5 36. exf5 gxf5 37. fxe5 1-0

[Event "Soukhumi op"]
[Site "Soukhumi"]
[Date "2007.08.03"]
[Round "1"]
[White "Polyanichko, Natalia"]
[Black "Semenova, Inna"]
[Result "1-0"]
[WhiteElo "1979"]
[BlackElo "2106"]
[PlyCount "101"]
[EventDate "2007.08.03"]
[EventType "swiss"]
[EventRounds "9"]
[EventCountry "RUS"]
[SourceTitle "EXT 2009"]
[Source "ChessBase"]
[SourceDate "2008.11.26"]
[SourceVersion "1"]
[SourceVersionDate "2008.11.26"]
[SourceQuality "1"]

1. e4 c5 2. Nf3 Nc6 3. d4 cxd4 4. Nxd4 Nf6 5. Nc3 e5 6. Ndb5 d6 7. Bg5 a6 8. Na3 b5 9. Bxf6 gxf6 10. Nd5 Bg7 11. Bd3 Be6 12. c3 f5 13. Nc2 Bxd5 14. exd5 Ne7 15. a4 0-0 16. Nb4 e4 17. Be2 a5 18. Nc2 b4 19. Nd4 bxc3 20. bxc3 Nxd5 21. Rc1 Qg5 22. g3 Rac8 23. h4 Qf6 24. Nb5 Nxc3 25. Nxc3 Rxc3 26. 0-0 Rfc8 27. Rxc3 Rxc3 28. Qd5 Qe5 29. Qa8+ Bf8 30. Kh1 Qc5 31. Qd8 h6 32. Qf6 Rc2 33. Bh5 Qd5 34. Rd1 Qe6 35. Qd4 Rc4 36. Qa1 d5 37. Qa2 d4 38. Kg2 d3 39. Rb1 Bb4 40. Bd1 Qf6 41. Qxc4 d2 42. Bb3 Kg7 43. Qd5 Qg6 44. Rd1 f4 45. Qe5+ Kf8 46. Qxf4 f5 47. Qc7 Qf6 48. Qc8+ Ke7 49. Qb7+ Kd8 50. Qd5+ Ke7 51. Bc4 1-0